A Guide for the Revitalization of Retail Districts (Record no. 6310)

MARC details
005 - DATE AND TIME OF LATEST TRANSACTION
control field 20250629121115.0
082 ## - DEWEY DECIMAL CLASSIFICATION NUMBER
Classification number 658 REV
245 ## - TITLE STATEMENT
Title A Guide for the Revitalization of Retail Districts
260 ## - PUBLICATION, DISTRIBUTION, ETC.
Place of publication, distribution, etc. Toronto,
Name of publisher, distributor, etc. Saving Small Business
Date of publication, distribution, etc. 1976
300 ## - PHYSICAL DESCRIPTION
Extent 119p.;ill.; picture
Dimensions 23cm
700 ## - ADDED ENTRY--PERSONAL NAME
Other authors/Editors SILBERBERG, T et all...
942 ## - ADDED ENTRY ELEMENTS (KOHA)
Source of classification or shelving scheme Dewey Decimal Classification
Koha item type Books
Holdings
Date last seen Total checkouts Full call number Barcode Cost, replacement price Price effective from Koha item type Lost status Source of classification or shelving scheme Damaged status Not for loan Withdrawn status Home library Current library Shelving location Date acquired Cost, normal purchase price
06/29/2025   658 REV DOM0004282 30000.00 06/29/2025 Books   Dewey Decimal Classification       CBE Dodoma CBE Dodoma General Collection 06/03/2009 10000.00